[Event "MVP-ch Seniors op 19th"]
[Site "Ostseebad Binz"]
[Date "2019.12.04"]
[Round "8"]
[White "Bussler, Juergen"]
[Black "Rudolph, Karl Heinz"]
[Result "1-0"]
[WhiteElo "1909"]
[BlackElo "1701"]
[PlyCount "55"]
[EventDate "2019.11.27"]
[EventType "swiss"]
[EventRounds "9"]
[EventCountry "GER"]
[SourceTitle "EXT 2021"]
[Source "ChessBase"]
[SourceDate "2020.10.23"]
[SourceVersion "1"]
[SourceVersionDate "2020.10.23"]
[SourceQuality "1"]

1. d4 Nf6 2. c4 e6 3. Nc3 Bb4 4. Nf3 c5 5. Bg5 Nc6 6. e3 Bxc3+ 7. bxc3 Qa5 8. Bxf6 Qxc3+ 9. Nd2 gxf6 10. Rc1 Qa5 11. d5 Ne5 12. Be2 d6 13. 0-0 Rg8 14. Ne4 Ke7 15. dxe6 Qc7 16. exf7 Nxf7 17. Nc3 Be6 18. Qd2 Rg5 19. f4 Rg7 20. f5 Rag8 21. g3 Ng5 22. fxe6 Qc6 23. Nd5+ Kxe6 24. Qd3 b5 25. Qf5+ Kf7 26. Bh5+ Rg6 27. Qxf6+ Ke8 28. Qe7# 1-0

[Event "MVP-ch Seniors op 18th"]
[Site "Ostseebad Binz"]
[Date "2018.12.01"]
[Round "4"]
[White "Schulz, Gerhard1"]
[Black "Rudolph, Karl Heinz"]
[Result "1-0"]
[WhiteElo "1879"]
[BlackElo "1647"]
[PlyCount "69"]
[EventDate "2018.11.28"]
[EventType "swiss"]
[EventRounds "9"]
[EventCountry "GER"]
[SourceTitle "CBM 188 Extra"]
[Source "ChessBase"]
[SourceDate "2019.02.28"]
[SourceVersion "1"]
[SourceVersionDate "2019.02.28"]
[SourceQuality "1"]

1. d4 Nf6 2. Nf3 c5 3. e3 e6 4. Bd3 Nc6 5. c3 cxd4 6. exd4 Be7 7. Bg5 h6 8. Bh4 0-0 9. Nbd2 Nd5 10. Bg3 f5 11. Qe2 g6 12. a4 b6 13. h3 Bb7 14. 0-0 a5 15. Nc4 Ba6 16. Nfe5 Nxe5 17. Bxe5 Ra7 18. Rfd1 Bf6 19. Bh2 Bg5 20. Ne5 Bxd3 21. Rxd3 Nf4 22. Bxf4 Bxf4 23. Nxg6 Qg5 24. Nxf8 Kxf8 25. d5 Kf7 26. dxe6+ dxe6 27. Re1 Re7 28. Rd7 e5 29. Rxe7+ Qxe7 30. g3 Qg5 31. h4 Qg7 32. Kh2 Qf6 33. Kh3 Qg6 34. gxf4 exf4 35. Qe8+ 1-0

[Event "GER-ch Seniors 65"]
[Site "Hamburg"]
[Date "2018.07.27"]
[Round "7"]
[White "Rudolph, Karl Heinz"]
[Black "Wolter, Guenter"]
[Result "1/2-1/2"]
[WhiteElo "1625"]
[BlackElo "1846"]
[PlyCount "37"]
[EventDate "2018.07.21"]
[EventType "swiss"]
[EventRounds "9"]
[EventCountry "GER"]
[SourceTitle "CBM 186 Extra"]
[Source "ChessBase"]
[SourceDate "2018.08.24"]
[SourceVersion "1"]
[SourceVersionDate "2018.08.24"]
[SourceQuality "1"]

1. e4 d5 2. exd5 Nf6 3. Bb5+ Bd7 4. Bc4 c6 5. Nc3 cxd5 6. Nxd5 e6 7. Nc3 Qc7 8. d3 Bb4 9. Bd2 0-0 10. Nf3 Bc6 11. 0-0 Ng4 12. g3 Nd7 13. Qe2 Nde5 14. Nxe5 Nxe5 15. f3 Bc5+ 16. Kg2 Rfd8 17. Bf4 Bd6 18. Bb3 Ng6 19. Bxd6 1/2-1/2

[Event "GER-ch Seniors 65"]
[Site "Hamburg"]
[Date "2018.07.26"]
[Round "6"]
[White "Moews, Harald"]
[Black "Rudolph, Karl Heinz"]
[Result "0-1"]
[WhiteElo "1772"]
[BlackElo "1625"]
[PlyCount "60"]
[EventDate "2018.07.21"]
[EventType "swiss"]
[EventRounds "9"]
[EventCountry "GER"]
[SourceTitle "CBM 186 Extra"]
[Source "ChessBase"]
[SourceDate "2018.08.24"]
[SourceVersion "1"]
[SourceVersionDate "2018.08.24"]
[SourceQuality "1"]

1. e4 c5 2. d3 Nc6 3. Be2 Nf6 4. Bg5 e6 5. f4 Be7 6. c4 d6 7. Nc3 h6 8. Bh4 Nd4 9. h3 Nd7 10. Bxe7 Qxe7 11. h4 0-0 12. Nf3 Nxe2 13. Qxe2 a6 14. g4 b5 15. cxb5 axb5 16. Nxb5 Ba6 17. Nc7 Ra7 18. Nxa6 Rxa6 19. 0-0 Rb6 20. g5 f5 21. gxh6 Qf6 22. e5 dxe5 23. fxe5 Qxh6 24. b3 Rb4 25. Qf2 Rg4+ 26. Kh1 Rf4 27. Qh2 Nxe5 28. Ng5 Rxh4 29. Nh3 Rxh3 30. Rf2 Ng4 0-1

[Event "GER-ch Seniors 65"]
[Site "Hamburg"]
[Date "2018.07.21"]
[Round "1"]
[White "Rudolph, Karl Heinz"]
[Black "Prueske, Wolfgang"]
[Result "1/2-1/2"]
[WhiteElo "1625"]
[BlackElo "2000"]
[PlyCount "23"]
[EventDate "2018.07.21"]
[EventType "swiss"]
[EventRounds "9"]
[EventCountry "GER"]
[SourceTitle "CBM 186 Extra"]
[Source "ChessBase"]
[SourceDate "2018.08.24"]
[SourceVersion "1"]
[SourceVersionDate "2018.08.24"]
[SourceQuality "1"]

1. e4 c6 2. d4 d5 3. e5 Bf5 4. c4 e6 5. Nc3 Nd7 6. cxd5 cxd5 7. Bd3 Bxd3 8. Qxd3 Ne7 9. Nge2 Nc6 10. a3 Be7 11. 0-0 0-0 12. f4 1/2-1/2